000 00774nam a2200289Ia 4500
005 20260324112647.0
008 008 260324s9999 xx 000 0 eng d
020 _a9781003500865
037 _aEBOOK
040 _aCRL
040 _beng
040 _cCRL
041 _2eng
041 _aeng
084 _qCRL
100 _aInam Ullah Khan; Salma El Hajjami; Mariya Ouaissa; Salwa Belaqziz; Tarandeep Kaur Bhatia
_91143621
245 0 _aCognitive Machine Intelligence
245 0 _bApplications, Challenges, and Related Technologies
260 _bTaylor and Francis
260 _c2024
365 _a
365 _b355
856 _uhttp://www.taylorfrancis.com/books/9781003500865
942 _cEBOOK
999 _c1732910
_d1732910